| 000 | 01322nam a2200385 c 4500 | ||
|---|---|---|---|
| 003 | BLK | ||
| 005 | 20180420224832.0 | ||
| 008 | 180408b bul|||||r ||||||| ||bul|| | ||
| 010 | _aKNG00089238000 | ||
| 020 |
_a0-8213-6583-5 _bиздат.: The World Bank |
||
| 040 | _aBLK | ||
| 041 |
_aENG _cENG |
||
| 080 |
_aЗастраховането на предмети изобщо. Имуществено застраховане от пожар, бедствие, кражби и др. _b368.1 _x(560) _z368.1(560) |
||
| 100 | 1 |
_aGurenko, Eugene _eпърви автор _912020 |
|
| 139 |
_aEartquake Insurance in Turkey _bE 11 |
||
| 245 | 1 | 0 |
_aEartquake Insurance in Turkey _bHistory of the Turkish Catastrophe Insurance Pool _cEugene Gurenko. |
| 257 | _aUSA | ||
| 260 |
_аWashington _bThe World Bank _c2006 |
||
| 300 |
_a116 p. _btab., diagr. _c24 cm |
||
| 380 | _a3 | ||
| 500 | _aBibliogr. p. 109-111 ; Index | ||
| 504 | _a109-111 | ||
| 590 | _aф | ||
| 650 | 4 |
_aЗастраховане _9155792 |
|
| 650 | 4 |
_aЗеметресения _9156038 |
|
| 651 | 4 |
_aТурция _9179691 |
|
| 653 | _aзастраховки | ||
| 653 | _aземетресения | ||
| 653 | _aТурция | ||
| 852 | _aЦб 243834 | ||
| 856 | 4 |
_qpdf _u |
|
| 856 | 4 |
_qpdf _u |
|
| 942 |
_cKNG _n0 |
||
| 944 |
_aCR _c28.04.2009 _kМилена_Ачева |
||
| 944 |
_aED _c12.05.2009 _k |
||
| 999 |
_c84649 _d84649 |
||